Handbook for NSDL Depository Operation Module Part -I -Capital Markets and NSDL Overview (Record no. 6657)

MARC details
000 -LEADER
fixed length control field 00360nam a2200133Ia 4500
003 - CONTROL NUMBER IDENTIFIER
control field OSt
008 - FIXED-LENGTH DATA ELEMENTS--GENERAL INFORMATION
fixed length control field 191201s2010 xx 000 0 und d
100 ## - MAIN ENTRY--PERSONAL NAME
Personal name NSE INDIA
245 #0 - TITLE STATEMENT
Title Handbook for NSDL Depository Operation Module Part -I -Capital Markets and NSDL Overview
260 ## - PUBLICATION, DISTRIBUTION, ETC. (IMPRINT)
Place of publication, distribution, etc N. delhi
Name of publisher, distributor, etc NSE (NCFM)
Date of publication, distribution, etc 2010
300 ## - PHYSICAL DESCRIPTION
Extent 36
650 ## - SUBJECT ADDED ENTRY--TOPICAL TERM
Topical term or geographic name as entry element NCFM
942 ## - ADDED ENTRY ELEMENTS (KOHA)
Source of classification or shelving scheme Dewey Decimal Classification
Koha item type Text Books
Holdings
Withdrawn status Lost status Source of classification or shelving scheme Damaged status Not for loan Collection code Home library Current library Date acquired Source of acquisition Cost, normal purchase price Bill Number Total Checkouts Acc. no. / Barcode Date last seen Actual Cost, discounted price Bill Date Koha item type
    Dewey Decimal Classification     NCFM PIET C-LIBRARY PIET C-LIBRARY 08/03/2016 KIRTI PRAKASHAN, NEW DELHI 392.85 1301   29166 04/12/2019 392.85 11/07/2016 Text Books
    Dewey Decimal Classification     NCFM PIET C-LIBRARY PIET C-LIBRARY 08/03/2016 NSENCHM 392.85 1301   29167 04/12/2019 392.85 11/07/2016 Text Books

Design & Developed by: PIET Central Library
R70 Miles Stone Pattikalyana Samalkha Panipat 132102
mail ID :- [email protected], Phone No:- 0180-2569700 Ex.216